000
00242nam a2200097Ia 4500
008
231212s2001 xx 000 0 und d
041
_a
eng
100
_a
Gokhale
245
_a
Introduction To Telecommunication
260
_a
Mumbai
_b
Univers
_c
2001
999
_c
968585
_d
968585